European Big Five: 100+ assists (2000-) - Statistics

General Stats
  • This quiz has been taken 27 times
  • The average score is 18 of 21
Answer Stats
Ranking Player Positions Nationality Matches Goals (assists) Periods Clubs % Correct
6 Cristiano Ronaldo MF, FW 626 495 (135) 2003-2023
100%
1 Lionel Messi MF, FW 577 496 (221) 2004-2023
100%
3 Kevin De Bruyne MF, FW 373 95 (153) 2012-2025
96%
2 Thomas Müller MF, FW 503 150 (174) 2008-2025
96%
18 Toni Kroos MF 479 45 (103) 2007-2024
96%
14 Zlatan Ibrahimović FW 467 302 (107) 2004-2017, 2019-2023
96%
5 Ángel Di María MF, FW 374 85 (136) 2010-2023
92%
12 Francesco Totti MF, FW 446 207 (115) 2000-2017
92%
4 Cesc Fàbregas MF, FW 500 81 (150) 2004-2022
88%
8 David Silva MF, FW 536 91 (131) 2005-2023
88%
11 Karim Benzema FW 551 281 (119) 2004-2023
88%
9 Mesut Özil MF, FW 390 65 (130) 2006-2020
88%
15 Mohamed Salah MF, FW 382 221 (107) 2013-2025
88%
16 Xavi MF 464 57 (105) 2000-2015
88%
21 Ryan Giggs MF, FW 382 55 (101) 2000-2014
85%
19 Wayne Rooney MF, FW 491 208 (102) 2002-2018
85%
13 Dani Alves DF, MF 502 30 (113) 2002-2018, 2021-2022
81%
10 Franck Ribéry MF, FW 427 103 (125) 2004-2023
77%
7 Dimitri Payet MF, FW 540 114 (133) 2005-2023
69%
17 Jesús Navas DF, FW 640 30 (105) 2003-2025
62%
20 Joaquín MF, FW 672 81 (101) 2001-2023
27%
No matching quizzes found
Score Distribution
Percent of People with Each Score
Percentile by Number Answered
Your Score History
You have not taken this quiz